<?xml version="1.0" encoding="UTF-8"?>
<collection xmlns="http://www.loc.gov/MARC21/slim">
 <record>
  <leader>00401pamaa2200145   4500</leader>
  <controlfield tag="001">0000034822</controlfield>
  <controlfield tag="005">20100107090000.0</controlfield>
  <datafield tag="020" ind1="0" ind2="0">
   <subfield code="a">0538682914 </subfield>
  </datafield>
  <datafield tag="082" ind1=" " ind2=" ">
   <subfield code="a">005.369 EIS</subfield>
  </datafield>
  <datafield tag="090" ind1="0" ind2="0">
   <subfield code="a">QA76.76.M52 </subfield>
   <subfield code="b">EIS 1999</subfield>
  </datafield>
  <datafield tag="100" ind1="1" ind2="0">
   <subfield code="a">EISCH </subfield>
  </datafield>
  <datafield tag="245" ind1="1" ind2="0">
   <subfield code="a">Corel wordperfect 8 : </subfield>
   <subfield code="b">complete course  </subfield>
   <subfield code="c">Mary Alice Eisch.</subfield>
  </datafield>
  <datafield tag="260" ind1="0" ind2="0">
   <subfield code="a">Ohio: </subfield>
   <subfield code="b">South-Western, </subfield>
   <subfield code="c">1999.</subfield>
  </datafield>
  <datafield tag="300" ind1=" " ind2=" ">
   <subfield code="a">xiv, 652p.: </subfield>
   <subfield code="b">27cm.</subfield>
  </datafield>
  <datafield tag="650" ind1="0" ind2="0">
   <subfield code="a">Wordperfect (Computer file) </subfield>
  </datafield>
 </record>
</collection>
